| 000 | 00495cam a2200193ua 4500 | ||
|---|---|---|---|
| 001 | 1025 | ||
| 008 | 110426n ii |||gr||||Z||||||eng | ||
| 020 | _a0333-93458-0 | ||
| 040 | _cMAIN | ||
| 082 | _a354.0954 | ||
| 245 | 1 |
_aState government in India _cby S R Maheshwari |
|
| 250 | _a1st. | ||
| 260 |
_aGuwahati: _bMacmillan, _c2000. |
||
| 300 |
_aviii, 395p.: _c20cm. |
||
| 653 | _aPolitical science | ||
| 653 | _aState government in India | ||
| 700 |
_aMaheshwari, S R., _eAuthor. |
||
| 942 | _cBK | ||
| 999 |
_c943 _d943 |
||